Study on situation carried out of agroforestry in choub commune, tbaung khmum district, kampong cham province; សិក្សាពីស្ដានភាពនៃការអនុវត្តន៍កសិរុក្ខកម្ម នៅឃុំជប់ ស្រុកត្បូងឃ្មុំ ខេត្តកំពង់ចាម. (Record no. 3440)

000 -LEADER
fixed length control field 00712nam a22001577a 4500
003 - CONTROL NUMBER IDENTIFIER
control field OSt
005 - DATE AND TIME OF LATEST TRANSACTION
control field 20151116085255.0
008 - FIXED-LENGTH DATA ELEMENTS--GENERAL INFORMATION
fixed length control field 151116b xxu||||| |||| 00| 0 eng d
040 ## - CATALOGING SOURCE
Transcribing agency RUA
082 ## - DEWEY DECIMAL CLASSIFICATION NUMBER
Classification number FOR ENG 2012 B141 Or1
100 ## - MAIN ENTRY--PERSONAL NAME
9 (RLIN) 3692
Personal name ENG PENGTHAN
245 ## - TITLE STATEMENT
Title Study on situation carried out of agroforestry in choub commune, tbaung khmum district, kampong cham province; សិក្សាពីស្ដានភាពនៃការអនុវត្តន៍កសិរុក្ខកម្ម នៅឃុំជប់ ស្រុកត្បូងឃ្មុំ ខេត្តកំពង់ចាម.
260 ## - PUBLICATION, DISTRIBUTION, ETC. (IMPRINT)
Place of publication, distribution, etc. Phnom Penh
Name of publisher, distributor, etc. Rua
Date of publication, distribution, etc. 2012
300 ## - PHYSICAL DESCRIPTION
Extent x;45p.
Other physical details ill.
Dimensions 29cm.
942 ## - ADDED ENTRY ELEMENTS (KOHA)
Source of classification or shelving scheme
Koha item type FOR
Holdings
Price effective from Date last seen Permanent Location Not for loan Date acquired Source of classification or shelving scheme Koha item type Lost status Withdrawn status Date last checked out Total Checkouts Shelving location Damaged status Barcode Current Location Full call number
2015-11-162026-03-26Library Block B 2015-11-16 FOR  2026-02-251B141 RUA026696Library Block BFOR ENG 2012 B141 Or1
2015-11-162026-06-11Library Block B 2015-11-16 FOR  2026-05-082B141 RUA027611Library Block BFOR ENG 2012 B141 Or2
2015-11-162019-04-02Library Block B 2015-11-16 FOR  2019-03-183B141 RUA027539Library Block BFOR ENG 2012 B141 Or3
2015-11-162023-08-28Library Block B 2015-11-16 FOR  2023-07-192B141 RUA027952Library Block BFOR ENG 2012 B141 Or4
2015-11-162015-11-16Library Block B 2015-11-16 FOR    B141 RUA027666Library Block BFOR ENG 2012 B141 Or5
2015-11-162015-11-16Library Block B 2015-11-16 FOR    B141 RUA028781Library Block BFOR ENG 2012 B141 Or6
2015-11-162015-11-16Library Block B 2015-11-16 FOR    B141 RUA028709Library Block BFOR ENG 2012 B141 Or7
2015-11-162025-10-07Library Block B 2015-11-16 FOR  2025-09-031B141 RUA028723Library Block BFOR ENG 2012 B141 Or8
មជ្ឈមណ្ឌលឯការនៃសាកលវិទ្យាល័យភូមិន្ទកសិកម្មចំការដូង

Powered by Koha